CUSTOMER EXPERIENCE 3 0 HIGH PROFIT STRA (Record no. 32593)

MARC details
000 -LEADER
fixed length control field 00358nam a2200133Ia 4500
008 - FIXED-LENGTH DATA ELEMENTS--GENERAL INFORMATION
fixed length control field 240624s9999 xx 000 0 und d
041 ## - LANGUAGE CODE
Language code of text/sound track or separate title eng
082 ## - DEWEY DECIMAL CLASSIFICATION NUMBER
Classification number 658.812 GOO
100 ## - MAIN ENTRY--PERSONAL NAME
Personal name GOODMAN A JOHN
245 ## - TITLE STATEMENT
Title CUSTOMER EXPERIENCE 3 0 HIGH PROFIT STRA
260 ## - PUBLICATION, DISTRIBUTION, ETC.
Date of publication, distribution, etc. 2014
Place of publication, distribution, etc. USA
Name of publisher, distributor, etc. American Management Association
300 ## - PHYSICAL DESCRIPTION
Extent xi,244P. ;22 cm.
365 ## - TRADE PRICE
Currency code
Price amount 33
Holdings
Withdrawn status Lost status Damaged status Not for loan Home library Current library Shelving location Date acquired Full call number Barcode Date last seen Copy number Price effective from Koha item type
        IMTN IMTN Rack 37-A 01/07/2022 658.812 GOO 32593 06/24/2024 78.2 06/24/2024 Books
Designed & Maintained by: LRC IMT Nagpur Contact: lrc@imtnag.ac.in© 2024. All Rights Reserved.